[Event "CAN-op U1600"]
[Site "Kitchener"]
[Date "2006.07.21"]
[Round "7"]
[White "Zlatnov, Petar"]
[Black "Draak, Jan"]
[Result "0-1"]
[WhiteElo "1355"]
[BlackElo "1211"]
[PlyCount "84"]
[EventDate "2006.07.15"]
[EventType "swiss"]
[EventRounds "9"]
[EventCountry "CAN"]
[SourceTitle "CBM 113 Extra"]
[Source "ChessBase"]
[SourceDate "2006.09.14"]
[SourceVersion "1"]
[SourceVersionDate "2006.09.14"]
[SourceQuality "1"]

1. e4 e6 2. d4 d6 3. Bc4 g6 4. Nf3 Bg7 5. Be3 Ne7 6. 0-0 0-0 7. Qd3 a6 8. Nbd2 b5 9. Bb3 Nbc6 10. c4 bxc4 11. Nxc4 d5 12. Ncd2 dxe4 13. Nxe4 Bb7 14. Nc5 Qc8 15. Rfd1 Rd8 16. Qe2 Nf5 17. Rd2 Na5 18. Nxb7 Qxb7 19. Ba4 Nxe3 20. Qxe3 Nc4 21. Qe2 Nxd2 22. Qxd2 c5 23. Qc2 Bxd4 24. Nxd4 cxd4 25. Bc6 Qc8 26. Qe4 Rb8 27. b3 Rb6 28. Ba4 d3 29. b4 Qc3 30. Rb1 Rbd6 31. Qe3 Rd4 32. Rc1 Qxb4 33. Bb3 d2 34. Rd1 a5 35. h3 a4 36. Bc2 Qb2 37. Bxa4 Rxa4 38. Qg5 Rad4 39. h4 Qc2 40. Rf1 d1Q 41. h5 Qxf1+ 42. Kxf1 Rd1# 0-1